Сбор, сушка. хранение и упаковка лекарственного сырья : (Record no. 475090)
[ view plain ]
| 000 -LEADER | |
|---|---|
| fixed length control field | 00903nam-a2200205-a-4500 |
| 001 - CONTROL NUMBER | |
| control field | 000169926 |
| 003 - CONTROL NUMBER IDENTIFIER | |
| control field | AM-YeHGA |
| 005 - DATE AND TIME OF LATEST TRANSACTION | |
| control field | 20250617161645.0 |
| 008 - FIXED-LENGTH DATA ELEMENTS--GENERAL INFORMATION | |
| fixed length control field | 990531s1950 xxu 000 0 rus u |
| 040 ## - CATALOGING SOURCE | |
| Original cataloging agency | AM-YeHGA |
| 090 ## - LOCALLY ASSIGNED LC-TYPE CALL NUMBER (OCLC); LOCAL CALL NUMBER (RLIN) | |
| -- | 478379 |
| 100 10 - MAIN ENTRY--PERSONAL NAME | |
| Personal name | Головко, Д.Н. |
| 245 10 - TITLE STATEMENT | |
| Title | Сбор, сушка. хранение и упаковка лекарственного сырья : |
| Remainder of title | (Справочник) / |
| Statement of responsibility, etc. | Д.Н. Головко, Ф.М. Рожко ; Под ред. П.И. Сараева. |
| 260 0# - PUBLICATION, DISTRIBUTION, ETC. | |
| Place of publication, distribution, etc. | Москва : |
| Name of publisher, distributor, etc. | Медгиз , |
| Date of publication, distribution, etc. | 1950. |
| 300 ## - PHYSICAL DESCRIPTION | |
| Extent | 210 с. |
| 650 #4 - SUBJECT ADDED ENTRY--TOPICAL TERM | |
| Topical term or geographic name entry element | Здравоохранение, медицина |
| 700 1# - ADDED ENTRY--PERSONAL NAME | |
| Personal name | Рожко, Ф.М. |
| 700 1# - ADDED ENTRY--PERSONAL NAME | |
| Personal name | Сараев, П.И. |
| Relationship | edt |
| 710 2# - ADDED ENTRY--CORPORATE NAME | |
| Corporate name or jurisdiction name as entry element | Всесоюзный научно-исследовательский институт лекарственных и ароматических растений "Вилар" |
| Withdrawn status | Lost status | Source of classification or shelving scheme | Damaged status | Not for loan | Collection | Home library | Current library | Date acquired | Total checkouts | Full call number | Barcode | Date last seen | Price effective from | Koha item type | Public note |
|---|---|---|---|---|---|---|---|---|---|---|---|---|---|---|---|
| Universal Decimal Classification | General | Fundamental Scientific Library | Fundamental Scientific Library | 29/08/2018 | РД II/19499 | FL0516339 | 29/08/2018 | 29/08/2018 | Գրքեր / Books | 30 Days Loan |
ՀՀ Գիտությունների ազգային ակադեմիայի հիմնարար գիտական գրադարան = Fundamental Scientific Library of NAS RA
All site content, except where otherwise noted, is licensed under a